000 00794nam a2200169Ia 4500
008 151213s9999 xx 000 0 und d
020 _a984-809022-3
100 _aড. মুহাম্মদ আবুদল্লাহড. মুহাম্মদ আবুদল্লাহ
245 _aইকবাল কাব্যে ইসলামী ভাবধারা।
_cড. মুহাম্মদ আবুদল্লাহড. মুহাম্মদ আবুদল্লাহ
250 _a১ম সং
260 _aঢাকা
_bইউজিসি।
_c2006
300 _a4406 p.
650 _aBangla
650 _aধর্ম
700 _aড. মুহাম্মদ আবুদল্লাহড. মুহাম্মদ আবুদল্লাহ
999 _c2795
_d2795